Colors of the Rainbow Written - Statistics

General Stats
  • This quiz has been taken 30 times
  • The average score is 6 of 6
Answer Stats
Hint Answer % Correct
Sky, Ocean, Berries Blue
100%
Grass, Trees, Shrek Green
100%
Sand, Fruit, Orangutangs Orange
100%
Firetrucks, Apples, Cherry Red
96%
Sun, Lemons, Honey Yellow
96%
Grapes, Lilacs, Eggplants Purple
92%
No matching quizzes found
Score Distribution
Percent of People with Each Score
Percentile by Number Answered
Your Score History
You have not taken this quiz